| 000 | 01159 a2200229 4500 | ||
|---|---|---|---|
| 003 | Nust | ||
| 005 | 20170207153152.0 | ||
| 010 | _a 00025674 | ||
| 020 | _a0072325194 (alk. paper) | ||
| 040 | _cNust | ||
| 082 | 0 | 0 | _a530 |
| 100 | 1 | _a D.Humphrey | |
| 245 | 1 | 0 |
_aIntermediate mechanics _c D.Humphrey |
| 260 |
_aBoston : _b LongMans _c . |
||
| 300 |
_axiv, 438 p. : _bill. ; _c24 cm. |
||
| 440 | 0 | _a series in mechanical engineering | |
| 505 | _aIntroduction forces acting At a Point (Page-1) Parallel Forces , Moments , Couples(Page-32)Coplanar Forces (page-64) Graphical Constructions (page-123) Friction (apge-157) Work ,Machines (Page-194) Centre of Gravity (Page-218) Bending Moments ,Suspension Bridges, Catenary (page-261) Virtual work(Page-296) Fluid Pressure(Page-342) Centre of Pressure (Page-360) Thrust on any Surface (page-376) Equilibrium of Floating Bodies(page-385) gases(page-414) | ||
| 538 | _aAlmirah No. 126 and Shelf No. 1 | ||
| 650 | 0 | _aStrength of materials. | |
| 856 | 4 | 2 |
_3Publisher description _uhttp://www.loc.gov/catdir/description/mh021/00025674.html |
| 856 | 4 | 2 |
_3Table of contents _uhttp://www.loc.gov/catdir/toc/mh021/00025674.html |
| 942 |
_2ddc _cBK |
||
| 999 |
_c180600 _d180600 |
||